Normal view MARC view

Entry Personal Name

Number of records used in: 1

001 - CONTROL NUMBER

  • control field: 26186

003 - CONTROL NUMBER IDENTIFIER

  • control field: OSt

005 - DATE AND TIME OF LATEST TRANSACTION

  • control field: 20210802135515.0

008 - FIXED-LENGTH DATA ELEMENTS

  • fixed length control field: 210802|| aca||aabn | a|a d

040 ## - CATALOGING SOURCE

  • Original cataloging agency: OSt
  • Transcribing agency: OSt

100 ## - HEADING--PERSONAL NAME

  • Personal name: Kraft, Matthew A., Papay, John P. and Chi, Olivia L.

670 ## - SOURCE DATA FOUND

  • Source citation: Work cat.: (OSt)517141: Kraft, Matthew A., Papay, John P. and Chi, Olivia L., Teacher skill development: evidence from performance ratings by principals

Powered by Koha